01800nam a2200313 i 4500003000900000005001700009007000300026008004100029020001500070040003000085041000800115082002400123100004500147245004700192250002200239264004600261300002800307336002700335337003300362338002800395490004100423500006200464520073500526600005101261650001901312650002301331651008101354651005101435DO-SdBNP20250630104810.0ta091120s2000 dr 000 0 spa d a8484009572 aDO-SdBNPbspacBNPHUerda aspa 4aPe863.44bV297f2221 aVargas Llosa, Mario,d1936-eautor4aut.13aLa fiesta del Chivo /cMario Vargas Llosa. aPrimera edición 4aSanto Domingo :bEditora Taller,c©2000. a537 páginas ;c20 cm. atextobtxt2rdacontent asin mediaciónbn2rdamedia avolumenbnc2rdacarrier0 aColección Biblioteca Taller ;v330 aIncluye datos biográficos del autor en la página 9-101 aNovela histórica sobre los últimos días del gen. Rafael Leonidas Trujillo en la República Dominicana en 1961. El hilo conductor de la novela es el retorno a la isla de Urania Cabral, hija de un senador del régimen trujillista, luego de muchos años de la muerte del dictador. Mientras Urania visita a su padre moribundo, la narración reconstruye el fin de una era haciendo un recuento de una serie de personajes históricos, entre ellos, el sempiterno presidente de la República Dominicana, Joaquín Balaguer y ascenso político. La crueldad del poder y la maldad humana destacan en este gran relato, una de las mejores novelas del novelista peruano"--Handbook of Latin American Studies, v. 58. www.loc.gov/hlas/10aTrujillo Molina, Rafael Leónidas,d1930-1961 4aNovela peruana 4aLiteratura peruana 0aREPÚBLICA DOMINICANAxHISTORIAyERA DE TRUJILLO, 1930-1961xNOVELAvNovela 4aRepública DominicanaxHistoriay1961xNovela